000 00377nam a22001453 4500
001 206644
005 20250520131523.0
090 _a206644
100 _a20250520 ukry50
101 _aukr
102 _aUA
200 _a
210 _d2025
801 _2unimarc
_aUA
_gpsbo
942 _cNEWSPAPER